LEADER 05091nam 2201033 a 450 001 9910789765803321 005 20231127225942.0 010 $a1-283-27825-1 010 $a9786613278258 010 $a0-520-94978-1 024 7 $a10.1525/9780520949782 035 $a(CKB)2670000000113435 035 $a(EBL)763985 035 $a(OCoLC)749264584 035 $a(SSID)ssj0000535060 035 $a(PQKBManifestationID)11333941 035 $a(PQKBTitleCode)TC0000535060 035 $a(PQKBWorkID)10520011 035 $a(PQKB)10414327 035 $a(StDuBDS)EDZ0000084618 035 $a(MiAaPQ)EBC763985 035 $a(DE-B1597)519857 035 $a(DE-B1597)9780520949782 035 $a(Au-PeEL)EBL763985 035 $a(CaPaEBR)ebr10496859 035 $a(CaONFJC)MIL327825 035 $a(EXLCZ)992670000000113435 100 $a20110222d2011 uy 0 101 0 $aeng 135 $aurnn#---|u||u 181 $ctxt 182 $cc 183 $acr 200 10$aClark $ethe autobiography of Clark Terry /$fwith Gwen Terry ; with a preface by Quincy Jones, foreword by Bill Cosby, introduction by David Demsey 210 $aBerkeley $cUniversity of California Press$dc2011 215 $a1 online resource (344 p.) 225 0 $aGeorge Gund Foundation imprint in African American studies 300 $aIncludes index. 311 0 $a0-520-26846-6 320 $aIncludes bibliographical references and index. 327 $tFront matter --$tContents --$tPreface --$tForeword --$tIntroduction --$t1. Big Dreams --$t2. First Instruments --$t3. Kicked Out --$t4. The Vashon High Swingsters --$t5. First Road Gig --$t6. Nigga --$t7. Ida Cox --$t8. Stranded --$t9. Lincoln Inn --$t10. On the Road Again --$t11. Tennis Shoe Pimp --$t12. Jailed --$t13. Len Bowden --$t14. Navy Days --$t15. Gray Clouds --$t16. The Big Apple --$t17. George Hudson --$t18. The Club Plantation --$t19. Galloping Dominoes --$t20. Tempting Offers --$t21. Lionel Hampton --$t22. Road Lessons --$t23. Pauline --$t24. Charlie Barnet --$t25. Count Basie --$t26. Big Debt --$t27. Duke Ellington --$t28. Leaving Basie --$t29. The University of Ellingtonia --$t30. Working with Duke --$t31. Duke's Team --$t32. Duke's Management Arts --$t33. Miles and Bird --$t34. Billy Strayhorn --$t35. Endurances --$t36. Flugelhorn --$t37. Europe --$t38. Norman Granz --$t39. Norman's Battles --$t40. Q --$t41. NBC --$t42. Jim and Andy's --$t43. Johnny and Ed --$t44. Mumbles --$t45. First House 330 $aCompelling from cover to cover, this is the story of one of the most recorded and beloved jazz trumpeters of all time. With unsparing honesty and a superb eye for detail, Clark Terry, born in 1920, takes us from his impoverished childhood in St. Louis, Missouri, where jazz could be heard everywhere, to the smoke-filled small clubs and carnivals across the Jim Crow South where he got his start, and on to worldwide acclaim. Terry takes us behind the scenes of jazz history as he introduces scores of legendary greats-Ella Fitzgerald, Oscar Peterson, Dizzy Gillespie, Dinah Washington, Doc Severinsen, Ray Charles, Thelonious Monk, Billie Holiday, Sarah Vaughan, Coleman Hawkins, Zoot Sims, and Dianne Reeves, among many others. Terry also reveals much about his own personal life, his experiences with racism, how he helped break the color barrier in 1960 when he joined the Tonight Show band on NBC, and why-at ninety years old-his students from around the world still call and visit him for lessons. 606 $aJazz musicians$zUnited States$vBiography 606 $aTrumpet players$zUnited States$vBiography 610 $a20th century jazz. 610 $aafrican american history. 610 $aafrican american musicians. 610 $aamerican music. 610 $abillie holiday. 610 $acount basie. 610 $aduke ellington. 610 $aella fitzgerald. 610 $agrammy lifetime achievement award. 610 $ahistory of jazz. 610 $ainfluential african americans. 610 $ainfluential musicians. 610 $ajazz and blues. 610 $ajazz enthusiasts. 610 $ajazz icons. 610 $ajazz musician biography. 610 $ajazz trumpeter. 610 $ajim crow. 610 $amusic during segregation. 610 $amusic history. 610 $amusic. 610 $amusicians. 610 $aovercoming prejudice. 610 $aovercoming racism. 610 $aquincy jones. 610 $aray charles. 610 $asouthern jazz. 610 $atonight show. 610 $atrumpet players. 615 0$aJazz musicians 615 0$aTrumpet players 676 $a788.9/2165092 676 $aB 700 $aTerry$b Clark$01559594 701 $aTerry$b Gwen$01559595 701 $aJones$b Quincy$f1933-$0790192 701 $aCosby$b Bill$f1937-$01118666 701 $aDemsey$b David$01559596 801 0$bMiAaPQ 801 1$bMiAaPQ 801 2$bMiAaPQ 906 $aBOOK 912 $a9910789765803321 996 $aClark$93824860 997 $aUNINA LEADER 01726nam 2200553 450 001 9910777736203321 005 20230617002008.0 010 $a1-4698-7805-4 035 $a(CKB)1000000000753654 035 $a(SSID)ssj0000352620 035 $a(PQKBManifestationID)11277403 035 $a(PQKBTitleCode)TC0000352620 035 $a(PQKBWorkID)10285635 035 $a(PQKB)10766983 035 $a(MiAaPQ)EBC2032636 035 $a(Au-PeEL)EBL2032636 035 $a(CaPaEBR)ebr10825434 035 $a(CaONFJC)MIL54281 035 $a(OCoLC)908076134 035 $a(EXLCZ)991000000000753654 100 $a20030905h20042004 uy| 0 101 0 $aeng 135 $aurcnu|||||||| 181 $ctxt$2rdacontent 182 $cc$2rdamedia 183 $acr 200 04$aThe adult and pediatric spine /$feditors-in-chief, John W. Frymoyer, Sam W. Wiesel ; associate editors, Howard S. An [and four others] 205 $aThird edition. 210 1$aPhiladelphia :$cLippincott Williams & Wilkins,$d[2004] 210 4$dİ2004 215 $a1 online resource (1276 pages) $cillustrations 300 $aRev. ed. of: The adult spine. 2nd ed. c1997. 311 $a978-0-7817-3549-0 320 $aIncludes bibliographical references and index. 606 $aSpine$xAbnormalities 606 $aSpine$xSurgery 615 2$aSpine$xAbnormalities. 615 2$aSpine$xSurgery. 676 $a616.7/3 701 $aFrymoyer$b John W$01568292 701 $aWiesel$b Sam W$01092335 701 $aAn$b Howard S$0904976 801 0$bMiAaPQ 801 1$bMiAaPQ 801 2$bMiAaPQ 912 $a9910777736203321 996 $aThe adult and pediatric spine$93840357 997 $aUNINA 999 $aEBOOK